| 000 | 00638nam a2200217Ia 4500 | ||
|---|---|---|---|
| 008 | 180523s9999 xx 000 0 und d | ||
| 020 | _a0-324-22106-1 | ||
| 050 | _aMAIN HF 5679 | ||
| 050 | _b.G455 2005 | ||
| 100 | _aGelinas, Ulric J., Jr. | ||
| 245 | 0 | _aAcquiring, developing, and implementing accounting information systems / | |
| 245 | 0 | _cUlric J. Gelinas, Jr, Steve G. Sutton, James E. Hunton. | |
| 250 | _a6th Edition | ||
| 260 | _aSingapore : | ||
| 260 | _bThomson Learning, | ||
| 260 | _c2005 | ||
| 300 | _a136 pages : | ||
| 300 | _c25 cm. | ||
| 500 | _aIncludes index. | ||
| 650 | _aAccounting -- Data processing. | ||
| 999 |
_c357203 _d357203 |
||